Movies Quiz

Random Movies or Letter Quiz

The 'T' Movies Quiz Stats

 Plays Quiz Updated Dec 19, 2018

Also try: The 'S' Movies
Challenge
Share
Tweet
Score 0/24 Timer 08:00
2 Plays Today
% Correct
The Terminator
95%
The Ten Commandments
81.2%
The Truman Show
80.9%
The Three Musketeers
69.8%
The Theory of Everything
58.7%
The Talented Mr. Ripley
56.5%
The Terminal
55.5%
The Tourist
54.6%
The Town
46.8%
The Thin Red Line
45.7%
The Transporter
44.9%
The Thing
39.1%
% Correct
The Tuxedo
36.8%
The Thomas Crown Affair
36.7%
The Texas Chain Saw Massacre
36.3%
The Taking of Pelham 123
33.7%
The Tree of Life
27.6%
The Time Traveler's Wife
23.4%
The Time Machine
23.1%
The Treasure of the Sierra Madre
22.7%
The Third Man
21.2%
The Towering Inferno
19.3%
The Tale of Despereaux
16.2%
The Toxic Avenger
13.3%

You're not logged in!

Compare scores with friends on all Sporcle quizzes.
OR
Log In

You Might Also Like...

Show Comments

Extras

Top Quizzes Today


Score Distribution

Your Account Isn't Verified!

In order to create a playlist on Sporcle, you need to verify the email address you used during registration. Go to your Sporcle Settings to finish the process.

Report this User

Report this user for behavior that violates our Community Guidelines.

Details: